[Event "Nizhnij Novgorod Chunakov Memorial 10th"]
[Site "Nizhnij Novgorod"]
[Date "2010.02.27"]
[Round "?"]
[White "Aleshin, Vladimir"]
[Black "Bortnikov, German"]
[Result "0-1"]
[WhiteElo "1871"]
[BlackElo "1942"]
[PlyCount "66"]
[EventDate "2010.02.20"]
[EventType "swiss"]
[EventRounds "9"]
[EventCountry "RUS"]
[SourceTitle "EXT 2022"]
[Source "ChessBase"]
[SourceDate "2021.10.06"]
[SourceVersion "1"]
[SourceVersionDate "2021.10.06"]
[SourceQuality "1"]

1. e4 c5 2. Nf3 e6 3. d4 cxd4 4. Nxd4 a6 5. Nc3 Qc7 6. Bd3 b5 7. 0-0 Bb7 8. Be3 Nf6 9. f3 Nc6 10. Kh1 Nxd4 11. Bxd4 Bd6 12. Qe2 e5 13. Be3 h6 14. Rfd1 Bc5 15. Qf2 Bxe3 16. Qxe3 0-0 17. Ne2 d5 18. exd5 Nxd5 19. Qf2 f5 20. c3 f4 21. Be4 Ne3 22. Rd3 Bxe4 23. fxe4 Rad8 24. Rxe3 fxe3 25. Qxe3 Qd6 26. Ng3 Qd1+ 27. Rxd1 Rxd1+ 28. Qg1 Rxg1+ 29. Kxg1 Rd8 30. Nf1 Rd1 31. Kf2 Rb1 32. b4 Rb2+ 33. Kf3 Rc2 0-1